| 000 | 00964nam a2200289 a 4500 | ||
|---|---|---|---|
| 001 | 000022667 | ||
| 005 | 20200930021728.0 | ||
| 008 | 101014s1997 es 001 0 spa d | ||
| 020 | _a842398804X | ||
| 040 |
_aDO-SdBNP _bspa _cBNPHU |
||
| 082 |
_axxxx _bS527W |
||
| 100 | 1 |
_aShakespeare, William _dd1564-1616 _946624 |
|
| 245 | 1 | 0 |
_aEl rey Lear; : _bHamlet ; Macbeth ; Mucho ruido y pocas nueces ; Timán de Atenas ; El cuento de invierno ; Cariolano / _cWilliam Shakespeare. |
| 260 |
_aMadrid : _bEditorial Espasa Calpe, _c1997. _fHuertas |
||
| 300 |
_a657 P. ; _c22 cm. |
||
| 490 | 1 | _aAntología de la literatura universal | |
| 563 | _aVarias obras empaginadas en páginas continuas | ||
| 740 | 2 | _aEl rey Lear | |
| 740 | 2 | _aHamlet | |
| 740 | 2 | _aMacbeth | |
| 740 | 2 | _aMacbethnueces | |
| 740 | 2 | _aTimán de Atenas | |
| 740 | 2 | _aEl cuento de invierno | |
| 740 | 2 | _aCariolano | |
| 830 | 0 |
_aAntología de la literatura universal _946613 |
|
| 049 | _aBNPD | ||
| 999 |
_c22164 _d22164 |
||